| 000 | 00375nam a2200133 a 4500 | ||
|---|---|---|---|
| 005 | 20140414132104.0 | ||
| 008 | 100823s19uu xx 00 eng d | ||
| 050 |
_aTR 600.22 _bN85 2001 |
||
| 100 | _aNovember, Alan | ||
| 245 | _aEmpowering students with technology. | ||
| 260 |
_aThousands Oaks, California : _bCorwin Press, _c2001. |
||
| 650 | _aTechnology | ||
| 999 |
_c114558 _d114558 |
||